| 000 | 01114nam a22002777a 4500 | ||
|---|---|---|---|
| 005 | 20120828114314.0 | ||
| 008 | 101019t xxu||||| |||| 00| 0 hin d | ||
| 010 | _aHIN-96528 | ||
| 020 |
_c300.00 _a8190262793 |
||
| 035 | _aHN-68874 | ||
| 037 | _bDBAD / PUB | ||
| 040 | _bHIN | ||
| 082 | _a170 | ||
| 100 | _923632 | ||
| 245 |
_aज्ञान ज्योति / _cहरीराम भारती द्वारा संकलित |
||
| 260 |
_aदिल्ली _bसक्षम प्रकाशन _c2011 |
||
| 270 |
_bदिल्ली _a500/5, स्ट्रीट न.-11, पांडव रोड, विश्वास नगर _e110032 |
||
| 300 | 1 |
_a196पृ. _c22सेमी (सजिल्द) |
|
| 650 | _9657 | ||
| 650 | _934273 | ||
| 700 |
_aभारती, हरीराम _951637 |
||
| 710 | _934811 | ||
| 710 | _935049 | ||
| 942 |
_2ddc _cHN _mज्ञानज्यो _h170 |
||
| 999 |
_c69411 _d69411 |
||